D-base III plus programmers reference guide / (Record no. 4770)

000 -LEADER
fixed length control field 00419nam a2200145 4500
008 - FIXED-LENGTH DATA ELEMENTS--GENERAL INFORMATION
fixed length control field 200828b ||||| |||| 00| 0 eng d
020 ## - INTERNATIONAL STANDARD BOOK NUMBER
International Standard Book Number 81-7029-031
082 00 - DEWEY DECIMAL CLASSIFICATION NUMBER
Classification number 005.7565
Item number S6131
100 ## - MAIN ENTRY--PERSONAL NAME
9 (RLIN) 3802
Personal name Simpson, Alan
245 10 - TITLE STATEMENT
Title D-base III plus programmers reference guide /
260 ## - PUBLICATION, DISTRIBUTION, ETC. (IMPRINT)
Place of publication, distribution, etc New Delhi :
Name of publisher, distributor, etc BPB Publication,
Date of publication, distribution, etc 1990.
300 ## - PHYSICAL DESCRIPTION
Extent xiv, 1029 p.
650 #0 - SUBJECT ADDED ENTRY--TOPICAL TERM
Topical term or geographic name as entry element dBASE III plus
942 ## - ADDED ENTRY ELEMENTS (KOHA)
Source of classification or shelving scheme
Item type Books
Holdings
Withdrawn status Lost status Source of classification or shelving scheme Damaged status Not for loan Permanent location Current location Date acquired Full call number Barcode Date last seen Koha item type
          IMU Kolkata IMU Kolkata 2020-08-28 005.7565 S6131 08255 2020-08-28 Books
Designed and Maintained by IMU-KC Library, Kolkata Campus © Copyright All Rights Reserved

webs counters

Powered by Koha